| 000 | 01998nam a2200349 i 4500 | ||
|---|---|---|---|
| 003 | CSPC | ||
| 005 | 20250820112909.0 | ||
| 008 | 250820s2022 dk a 001 0 eng d | ||
| 020 | _a9788770227407 | ||
| 040 |
_cCSPC _aCSPC _beng _erda |
||
| 050 | 0 | 4 | _aTK3001 |
| 082 | 0 | 4 |
_a621.319 _bP275d |
| 100 | 1 |
_aPatrick, Dale R., _eauthor. |
|
| 245 | 1 | 0 |
_aDC/AC electrical fundamentals / _cDale R. Patrick, [and 3 others]. |
| 264 | 1 |
_aGistrup, Denmark : _bRiver Publishers, _c2022. |
|
| 300 |
_alii. 688 pages : _bcolor illustrations ; _c24 cm. |
||
| 336 |
_2rdacontent _atext |
||
| 337 |
_2rdamedia _aunmediated |
||
| 338 |
_2rdacarrier _avolume |
||
| 490 | 0 | _aRiver publishers series in electronic materials, circuits and devices | |
| 500 | _aIncludes index. | ||
| 505 | 0 | _aPart 1: Direct current (DC) -- DC (direct current) electrical fundamentals -- Electrical components and diagrams -- Meters and measurements -- Ohm's law and series electrical circuits -- Parallel circuits -- Series- parallel circuits and applications -- Magnetism and electromagnetism -- Sources of DC electrical energy -- Part 2: AC (Alternating current) -- AC (Alternating current) electrical fundamentals -- Sources of AC electrical energy -- Capacitance and capacitive reactance -- Inductance and inductive reactance -- Transformers -- Resistor, inductor, and capacitor (RLC) circuits -- Time-constant and wave-shaping circuits -- Mathematics for ac circuits -- AC problem solving methods -- Electrical energy conversion. | |
| 650 | 0 |
_aElectric circuits _xAlternating current. |
|
| 650 | 0 | _aElectric currents, alternating. | |
| 650 | 0 |
_aElectric circuits _xDirect current. |
|
| 650 | 0 | _aElectric currents, Direct. | |
| 700 | 1 |
_aFardo, Stephen W., _eauthor. |
|
| 700 | 1 |
_aRichardson, Ray E., _eauthor. |
|
| 700 | 1 |
_aChandra, Vigyan (Vigs), _eauthor. |
|
| 942 |
_2ddc _n0 _cBK _h621.319 _iP275d _kP275d _m2022 |
||
| 999 |
_c30112 _d30112 |
||